| 000 | 00648nam a2200229 i 4500 | ||
|---|---|---|---|
| 001 | C2-0111967 | ||
| 003 | PPAK | ||
| 005 | 20180727103707.0 | ||
| 008 | 970630s1985 xx a|||| ||||| | may d | ||
| 040 |
_aPPAK _beng _cPPAK _erda |
||
| 082 | 0 | 4 |
_a959.5112 _223 |
| 090 | 0 | 0 |
_a959.5112 _bMAS _dKK |
| 245 | 0 | 0 | _aMasjid jadi markas tawanan |
| 264 | 1 |
_a[place of publication not identified] : _bSarina , _c1985 |
|
| 300 |
_a[5 pages] : _billustrations ; _c30 cm |
||
| 336 |
_2rdacontent _atext |
||
| 337 |
_2rdamedia _aunmediated |
||
| 338 |
_2rdacarrier _avolume |
||
| 500 | _aMajalah Sarina Mei 1985 | ||
| 650 | 1 | 0 | _aKedah - History. |
| 942 |
_ddc _cB |
||
| 999 |
_c28069 _d28069 |
||